000 00358cam a2200145ua 4500
041 _aeng
_h
082 _a938.08
_bTOY/HE
100 _aToynbee, Arnold J .
245 _aHellenism /
_cArnold J Toynbee.
_hTextual Documents
260 _aLondon :
_bOxford University Press ,
_c1935.
300 _a255 ; .
504 _a
942 _cBK
999 _c6317
_d6317